000 00530nam a2200181Ia 4500
005 20250326123530.0
008 250326s9999 xx 000 0 und d
037 _aTextbook
040 _aFMSL
_beng
_cFMSL
041 _aeng
_2eng
084 _aB K4
_qFMSL
100 _aEves H
245 0 _aIntroduction to the foundations and fundamental concepts of mathematics
_cEves H; Newsom C V
260 _aNY Holt
_bNY Holt, Rinehart and Winston
_c1964
300 _a363p
942 _cTB
_hB K4
999 _c1269791
_d1269791